[Event "Leipzig VfB op 24th"]
[Site "Leipzig"]
[Date "2017.03.25"]
[Round "8"]
[White "Barschewitsch, Viktor"]
[Black "Schlegel, Harald"]
[Result "0-1"]
[WhiteElo "1835"]
[BlackElo "1735"]
[PlyCount "60"]
[EventDate "2017.03.21"]
[EventType "swiss"]
[EventRounds "9"]
[EventCountry "GER"]
[SourceTitle "EXT 2018"]
[Source "ChessBase"]
[SourceDate "2017.10.13"]
[SourceVersion "1"]
[SourceVersionDate "2017.10.13"]
[SourceQuality "1"]

1. b3 e5 2. e3 Nf6 3. Bb2 d6 4. f4 exf4 5. exf4 Be7 6. Nf3 Bg4 7. Be2 0-0 8. 0-0 Nbd7 9. Nc3 c6 10. h3 Bxf3 11. Bxf3 d5 12. Ne2 Bc5+ 13. Kh1 Bd6 14. g3 Re8 15. Nd4 Ne4 16. Kg2 g6 17. d3 Nxg3 18. Kxg3 Qg5+ 19. Bg4 Re3+ 20. Nf3 Qxf4+ 21. Kf2 Ne5 22. Bxe5 Bxe5 23. Qc1 Qg3+ 24. Kxe3 Bf4+ 25. Kd4 Bxc1 26. Raxc1 f5 27. Bxf5 Qf4+ 28. Kc3 Qxf5 29. h4 Rf8 30. d4 Qh3 0-1

[Event "Leipzig VfB op 23rd"]
[Site "Leipzig"]
[Date "2016.03.19"]
[Round "7"]
[White "Sell, Markus"]
[Black "Barschewitsch, Viktor"]
[Result "1/2-1/2"]
[WhiteElo "1813"]
[BlackElo "1872"]
[PlyCount "88"]
[EventDate "2016.03.15"]
[EventType "swiss"]
[EventRounds "9"]
[EventCountry "GER"]
[SourceTitle "EXT 2017"]
[Source "ChessBase"]
[SourceDate "2016.10.25"]
[SourceVersion "1"]
[SourceVersionDate "2016.10.25"]
[SourceQuality "1"]

1. Nf3 d5 2. d3 Bg4 3. Nbd2 Nc6 4. g3 e6 5. Bg2 Nf6 6. a3 Be7 7. 0-0 0-0 8. c4 a5 9. b3 Ra6 10. Bb2 d4 11. Qc2 h6 12. c5 e5 13. h3 Be6 14. e3 dxe3 15. fxe3 Nd5 16. Rae1 Bf6 17. Nc4 e4 18. dxe4 Ndb4 19. axb4 Nxb4 20. Qd2 Bxc4 21. Bxf6 Qxd2 22. Nxd2 Bxf1 23. Bxg7 Kxg7 24. Rxf1 b5 25. cxb6 cxb6 26. Nc4 b5 27. Ne5 a4 28. bxa4 bxa4 29. Ra1 a3 30. Bf1 Raa8 31. Bc4 a2 32. Kf2 Ra3 33. Ke2 Re8 34. Nxf7 Rxe4 35. Nd6 Raxe3+ 36. Kd2 Re1 37. Rxa2 Nxa2 38. Nxe4 Rxe4 39. Bxa2 h5 40. Bb1 Re5 41. Bd3 Kf6 42. Be2 Kg5 43. Ke1 Ra5 44. Kf2 Ra3 1/2-1/2

[Event "Leipzig VfB op 22nd"]
[Site "Leipzig"]
[Date "2015.03.07"]
[Round "7"]
[White "Barschewitsch, Viktor"]
[Black "Vorreiter, Heiko"]
[Result "0-1"]
[WhiteElo "1874"]
[BlackElo "1685"]
[PlyCount "50"]
[EventDate "2015.03.03"]
[EventType "swiss"]
[EventRounds "9"]
[EventCountry "GER"]
[SourceTitle "EXT 2016"]
[Source "ChessBase"]
[SourceDate "2015.10.08"]
[SourceVersion "1"]
[SourceVersionDate "2015.10.08"]
[SourceQuality "1"]

1. e4 e6 2. d4 d5 3. exd5 exd5 4. Bd3 Bd6 5. c4 dxc4 6. Bxc4 Nf6 7. Nc3 0-0 8. Bg5 Re8+ 9. Nge2 c6 10. Qd2 Bf5 11. 0-0 Nbd7 12. Kh1 Qc7 13. Bf4 Rad8 14. Bg3 Bg6 15. Qg5 b5 16. Bxb5 Bxg3 17. Nxg3 cxb5 18. Nxb5 Qb6 19. Rac1 Bd3 20. Nc7 Bxf1 21. Nxe8 Bxg2+ 22. Kxg2 Rxe8 23. Nf5 g6 24. Rc3 Ne4 25. Ne7+ Kh8 0-1

[Event "Leipzig VfB op 22nd"]
[Site "Leipzig"]
[Date "2015.03.05"]
[Round "4"]
[White "Barschewitsch, Viktor"]
[Black "Alvermann, Christian"]
[Result "1-0"]
[WhiteElo "1874"]
[BlackElo "1807"]
[PlyCount "51"]
[EventDate "2015.03.03"]
[EventType "swiss"]
[EventRounds "9"]
[EventCountry "GER"]
[SourceTitle "EXT 2016"]
[Source "ChessBase"]
[SourceDate "2015.10.08"]
[SourceVersion "1"]
[SourceVersionDate "2015.10.08"]
[SourceQuality "1"]

1. c4 Nf6 2. d4 g6 3. Nf3 Bg7 4. Nc3 0-0 5. e4 d6 6. Be2 Nfd7 7. 0-0 e5 8. Be3 c6 9. Qd2 exd4 10. Bxd4 Ne5 11. Nxe5 dxe5 12. Be3 Qc7 13. Rad1 Be6 14. Bh6 Na6 15. Bxg7 Kxg7 16. Qe3 b6 17. f4 exf4 18. Rxf4 Rad8 19. Rdf1 Qe5 20. Qg3 Qc5+ 21. Kh1 h6 22. e5 Qe7 23. Rf6 Nc5 24. Bh5 Rd3 25. Qh4 Bf5 26. Rxg6+ 1-0

[Event "Leipzig VfB op 21st"]
[Site "Leipzig"]
[Date "2014.03.08"]
[Round "9"]
[White "Barschewitsch, Viktor"]
[Black "Brylski, Nils"]
[Result "1-0"]
[WhiteElo "1872"]
[BlackElo "1351"]
[PlyCount "49"]
[EventDate "2014.03.04"]
[EventType "tourn"]
[EventRounds "9"]
[EventCountry "GER"]
[SourceTitle "CBM 159 Extra"]
[Source "ChessBase"]
[SourceDate "2014.04.24"]
[SourceVersion "1"]
[SourceVersionDate "2014.04.24"]
[SourceQuality "1"]

1. e4 e5 2. Nf3 Nc6 3. Bb5 d6 4. d4 exd4 5. Nxd4 Bd7 6. 0-0 Nxd4 7. Bxd7+ Qxd7 8. Qxd4 Nf6 9. Bg5 Be7 10. h3 0-0 11. c4 h6 12. Bh4 c5 13. Qd3 Rfe8 14. Nc3 a6 15. Rad1 Qc7 16. Qf3 Rad8 17. Bxf6 Bxf6 18. Nd5 Qc8 19. Nxf6+ gxf6 20. Qxf6 Qe6 21. Qxe6 Rxe6 22. f3 Kg7 23. Rd5 b5 24. cxb5 axb5 25. Rfd1 1-0

[Event "Leipzig VfB op 21st"]
[Site "Leipzig"]
[Date "2014.03.06"]
[Round "5"]
[White "Barschewitsch, Viktor"]
[Black "Peschke, Uwe"]
[Result "1/2-1/2"]
[WhiteElo "1872"]
[BlackElo "2016"]
[PlyCount "30"]
[EventDate "2014.03.04"]
[EventType "tourn"]
[EventRounds "9"]
[EventCountry "GER"]
[SourceTitle "CBM 159 Extra"]
[Source "ChessBase"]
[SourceDate "2014.04.24"]
[SourceVersion "1"]
[SourceVersionDate "2014.04.24"]
[SourceQuality "1"]

1. e4 d5 2. exd5 Qxd5 3. Nf3 Bg4 4. Be2 Nc6 5. d3 Nf6 6. Nc3 Qa5 7. 0-0 e6 8. Nd2 Bxe2 9. Nxe2 Bd6 10. h3 Ne5 11. d4 Ng6 12. Nc4 Qd5 13. Nxd6+ Qxd6 14. c3 0-0 15. Qc2 c5 1/2-1/2

[Event "Leipzig VfB op 21st"]
[Site "Leipzig"]
[Date "2014.03.05"]
[Round "2"]
[White "Barschewitsch, Viktor"]
[Black "Kapahnke, Tilo"]
[Result "1-0"]
[WhiteElo "1872"]
[BlackElo "1614"]
[PlyCount "43"]
[EventDate "2014.03.04"]
[EventType "tourn"]
[EventRounds "9"]
[EventCountry "GER"]
[SourceTitle "CBM 159 Extra"]
[Source "ChessBase"]
[SourceDate "2014.04.24"]
[SourceVersion "1"]
[SourceVersionDate "2014.04.24"]
[SourceQuality "1"]

1. e4 e5 2. Nf3 Nc6 3. Bb5 a6 4. Bxc6 dxc6 5. 0-0 Bg4 6. h3 h5 7. d3 Bc5 8. Be3 Bxe3 9. fxe3 Bxf3 10. Qxf3 Qf6 11. Nd2 Qxf3 12. Nxf3 f6 13. d4 exd4 14. exd4 0-0-0 15. b4 Ne7 16. c3 Ng6 17. Nd2 b5 18. a4 Kb7 19. Nb3 Rhe8 20. axb5 axb5 21. Nc5+ Kc8 22. Ra8# 1-0

[Event "Leipzig VfB op 18th"]
[Site "Leipzig"]
[Date "2011.03.27"]
[Round "9"]
[White "Barschewitsch, Viktor"]
[Black "Alvermann, Christian"]
[Result "1-0"]
[WhiteElo "1878"]
[BlackElo "1738"]
[PlyCount "99"]
[EventDate "2011.03.20"]
[EventType "swiss"]
[EventRounds "9"]
[EventCountry "GER"]
[SourceTitle "CBM 141 Extra"]
[Source "ChessBase"]
[SourceDate "2011.05.03"]
[SourceVersion "1"]
[SourceVersionDate "2011.05.03"]
[SourceQuality "1"]

1. e4 c5 2. c3 e6 3. d4 cxd4 4. cxd4 d6 5. Nf3 Nd7 6. Nc3 a6 7. a4 b6 8. Bd3 Bb7 9. 0-0 Be7 10. Bf4 g5 11. Bg3 g4 12. Nd2 h5 13. Nc4 Qc7 14. e5 d5 15. Nd6+ Bxd6 16. exd6 Qc6 17. Rc1 Rc8 18. Ne2 Nc5 19. dxc5 bxc5 20. Be5 f6 21. Bf4 e5 22. Bf5 Rd8 23. Nd4 Qxd6 24. Bg6+ Kf8 25. Nf5 Qc7 26. Bg3 Ne7 27. Nh4 Bc8 28. Qc2 Kg7 29. f4 e4 30. f5 Qb7 31. Qxc5 Rd7 32. Bd6 Qa7 33. Qxa7 Rxa7 34. Rc7 Rxc7 35. Bxc7 e3 36. Bb6 e2 37. Re1 Nxg6 38. Nxg6 Re8 39. Nf4 Bxf5 40. Rxe2 Rxe2 41. Nxe2 h4 42. Nc3 Be6 43. Kf2 f5 44. Ke3 Kf6 45. Kf4 Kf7 46. Ke5 h3 47. g3 Ke7 48. Nxd5+ Bxd5 49. Kxd5 f4 50. Bf2 1-0

[Event "Leipzig VfB op 18th"]
[Site "Leipzig"]
[Date "2011.03.26"]
[Round "8"]
[White "Bronn, Gottfried"]
[Black "Barschewitsch, Viktor"]
[Result "1-0"]
[WhiteElo "1712"]
[BlackElo "1878"]
[PlyCount "143"]
[EventDate "2011.03.20"]
[EventType "swiss"]
[EventRounds "9"]
[EventCountry "GER"]
[SourceTitle "CBM 141 Extra"]
[Source "ChessBase"]
[SourceDate "2011.05.03"]
[SourceVersion "1"]
[SourceVersionDate "2011.05.03"]
[SourceQuality "1"]

1. d4 c6 2. g3 d5 3. Bg2 Bf5 4. Nf3 h6 5. 0-0 e6 6. c4 Nf6 7. Nc3 Bd6 8. Bf4 Bxf4 9. gxf4 Be4 10. Nxe4 Nxe4 11. Ne5 0-0 12. f3 Nd6 13. cxd5 exd5 14. e4 Qb6 15. Rf2 Rd8 16. Rd2 Na6 17. a4 Qa5 18. b3 Qb4 19. Rd3 Nc7 20. a5 Ndb5 21. Ra4 Qd6 22. Qd2 Rab8 23. Ng4 c5 24. exd5 Qxd5 25. Ne3 Qd7 26. d5 Nd4 27. Raxd4 cxd4 28. Rxd4 Nb5 29. Rb4 Nd6 30. f5 Qe7 31. Rg4 Re8 32. Kf2 Rbc8 33. Bf1 Qe5 34. Bd3 Rc7 35. Nc4 Qxh2+ 36. Rg2 Qh4+ 37. Kf1 Nxc4 38. bxc4 Rce7 39. Be4 Rxe4 40. fxe4 Qxe4 41. Kg1 Qh4 42. Kf1 Qxc4+ 43. Kf2 Qh4+ 44. Kf3 Qe4+ 45. Kg3 Qe3+ 46. Qxe3 Rxe3+ 47. Kf4 Ra3 48. f6 Rxa5 49. Ke5 h5 50. Rxg7+ Kf8 51. Rh7 Ke8 52. Rh8+ Kd7 53. Rf8 b5 54. Rxf7+ Ke8 55. Re7+ Kf8 56. Ke6 Ra1 57. Rb7 Re1+ 58. Kf5 Rf1+ 59. Kg6 Rg1+ 60. Kxh5 Rh1+ 61. Kg6 Rg1+ 62. Kf5 Rf1+ 63. Ke6 Re1+ 64. Kd6 a5 65. Kc5 Rf1 66. Rb6 b4 67. d6 Rc1+ 68. Kd5 Rd1+ 69. Kc6 Rc1+ 70. Kb7 Ke8 71. Rc6 Rf1 72. Kc7 1-0

[Event "Leipzig VfB op 18th"]
[Site "Leipzig"]
[Date "2011.03.23"]
[Round "2"]
[White "Barschewitsch, Viktor"]
[Black "Jahn, Jens"]
[Result "1-0"]
[WhiteElo "1878"]
[BlackElo "1627"]
[PlyCount "65"]
[EventDate "2011.03.20"]
[EventType "swiss"]
[EventRounds "9"]
[EventCountry "GER"]
[SourceTitle "CBM 141 Extra"]
[Source "ChessBase"]
[SourceDate "2011.05.03"]
[SourceVersion "1"]
[SourceVersionDate "2011.05.03"]
[SourceQuality "1"]

1. e4 c6 2. d4 d5 3. Nc3 dxe4 4. Nxe4 Bf5 5. Ng3 Bg6 6. h4 h6 7. h5 Bh7 8. Nf3 Nd7 9. Bd3 Bxd3 10. Qxd3 e6 11. Bf4 Qa5+ 12. Bd2 Qc7 13. c4 Ngf6 14. 0-0 Bd6 15. Ne4 Nxe4 16. Qxe4 Nf6 17. Qh4 Be7 18. Rfe1 Nd5 19. Qg4 Nf6 20. Qxg7 0-0-0 21. Qxf7 Kb8 22. Qxe6 Rde8 23. Qe5 Bd8 24. Qxc7+ Bxc7 25. Rxe8+ Rxe8 26. Re1 Rg8 27. Re6 Nxh5 28. Rxh6 Nf4 29. Bxf4 Bxf4 30. Re6 Rd8 31. Kf1 Kc7 32. Re7+ Kd6 33. Rxb7 1-0